000 00602na a2200229 4500
001 17445
003 MIRAKIL
005 20181213155031.0
008 161024b tu 000 0
020 _a9786054087013
040 _aMilas
_btur
_cTR-AnCHP
041 _atur
082 _a335.4
_bÇ29k 2008
090 _a335.4 Ç29k 2008
100 _aÇayan, Mahir
245 _aKesintisiz Devrim
_cMahir Çayan
260 _aAnkara
_bİlkeriş yayınları
_c2008
300 _a85 s.
_c20 sm.
440 _aBelgesel Kitaplar
_v2
650 _aMarksizim
_xLeninizm
_yDevrim teorisi
942 _2ddc
_cBKS
999 _c5248
_d5248